| 000 | 00308nam a2200121 i 4500 | ||
|---|---|---|---|
| 001 | bg | ||
| 245 | 1 | 0 |
_aPrzykłady i zadania z inżynierii chemicznej. _nCz. 1, _nPrzenoszenie pędu. |
| 260 |
_aBydgoszcz, _c1982. |
||
| 040 | _cBPK | ||
| 041 | _apol | ||
| 942 | _cKS | ||
| 008 | s pl f |000 0 pol | ||
| 999 |
_c21209 _d21209 |
||
| 856 |
_uhttp://koha.tu.koszalin.pl/cgi-bin/koha/opac-detail.pl?biblionumber=21209 _yKatalog online BPK |
||